LEADER 03337nam 22004095 450 001 9910838284603321 005 20250627121326.0 010 $a3-658-14828-4 024 7 $a10.1007/978-3-658-14828-7 035 $a(CKB)5600000000439257 035 $a(DE-He213)978-3-658-14828-7 035 $a(EXLCZ)995600000000439257 100 $a20231016d2016 u| 0 101 0 $ager 135 $aurnn|008mamaa 181 $ctxt$2rdacontent 182 $cc$2rdamedia 183 $acr$2rdacarrier 200 10$aTop Girls $eFeminismus und der Aufstieg des neoliberalen Geschlechterregimes /$fvon Angela McRobbie 205 $a2nd ed. 2016. 210 1$aWiesbaden :$cSpringer Fachmedien Wiesbaden :$cImprint: Springer VS,$d2016. 215 $a1 online resource (XXIX, 221 S.) 225 1 $aGeschlecht und Gesellschaft,$x2512-0905 ;$v67 311 08$a3-658-14827-6 327 $aAmbivalenzen der Sichtbarkeit ? Einleitung zur deutschen Ausgabe -- Was kommt nach dem Feminismus? -- Postfeminismus und Populärkultur: Bridget Jones und die neue Geschlechterordnung -- Ist der Feminismus am Ende? Die Politik der Desartikulation -- Top Girls? Junge Frauen und der neue Geschlechtervertrag -- Unlesbare Wut: Postfeministische Störungen -- ?What not to wear? und postfeministische symbolische Gewalt -- Fazit: Innerhalb und außerhalb der feministischen Wissenschaft. 330 $aMit dieser fulminanten Studie über den gegenwärtigen Zustand des Feminismus und seiner Verhandlung in der Populärkultur nimmt Angela McRobbie das zeitgenössische Aufatmen über das ,Ende des Feminismus? kritisch ins Visier. Nicht zuletzt sei dies auch eine Folge davon, dass boshafte Retraditionalisierungen von Geschlechterregimes die (kulturelle) Oberhand gewinnen. McRobbie analysiert empirisch, wie sich Konsum- und Populärkultur Rhetoriken und Bilder von weiblicher Freiheit und Autonomie aneignen und damit vordergründig den Erfolg von Frauen zu unterstützen scheinen. Doch McRobbies Tiefenbohrungen in die Welten von Bridget Jones und Heidi Klum zeigen, dass Frauen faktisch in neue, post-feministische ,neurotische? Abhängigkeiten gedrängt und (wieder einmal) degradiert werden. Scharfzüngig analysiert die Autorin kulturelle Phänomene und deren widersprüchliche Wirkungen im Alltag von Frauen: Modephotographie, Fernsehserien, die ,Bearbeitung? des Körpers und deren Zusammenhangmit Essstörungen, ,sinnloser Wut?, Körperhysterie. Angela McRobbie wird mit diesem Buch ihrer Position als prominente feministische Stimme und Klassikerin der Cultural Studies einmal mehr gerecht. Die Autorin Angela McRobbie ist Professorin für Kommunikationswissenschaften am Goldsmith College University of London. Die Herausgeberinnen Sabine Hark, Soziologin, ist Professorin für Interdisziplinäre Frauen- und Geschlechterforschung an der TU Berlin. Paula-Irene Villa, Soziologin, ist Professorin für Allg. Soziologie und Gender Studies an der LMU München. 410 0$aGeschlecht und Gesellschaft,$x2512-0905 ;$v67 606 $aSex 606 $aGender Studies 615 0$aSex. 615 14$aGender Studies. 676 $a305.3 700 $aMcRobbie$b Angela$4aut$4http://id.loc.gov/vocabulary/relators/aut$0142405 906 $aBOOK 912 $a9910838284603321 996 $aTop Girls$94403368 997 $aUNINA